Séries do Disney Channel - Statistics

Estatísticas Gerais
  • Esse quiz foi jogado 528 vezes
  • A pontuação média é 11 de 84
Estatísticas das Respostas
Resposta % Correto
2011 Jessie
75%
2006 Hannah Montana
67%
2010 Boa Sorte, Charlie!
63%
2007 Os Feiticeiros de Waverly Place
55%
2003 As Visões da Raven
54%
2011 Austin & Ally
49%
2013 Liv e Maddie
46%
2012 Violetta
46%
2008 Zack & Cody: Gêmeos a Bordo
44%
2009 Sunny Entre Estrelas
43%
2016 Soy Luna
40%
2010 No Ritmo
39%
2005 Zack & Cody: Gêmeos em Ação
39%
2014 Garota Conhece o Mundo
38%
2015 Acampados
36%
2015 Agente K.C
36%
2017 A Casa da Raven
31%
2009 Jonas
28%
2016 A Irmã do Meio
27%
2007 Phineas e Ferb
27%
2011 Programa de Talentos
23%
2019 Bia
22%
2012 Gravity Falls
21%
2001 Lizzie McGuire
21%
2007 Cory na Casa Branca
20%
2002 Kim Possible
15%
2012 Stan, o Cāo Blogueiro
15%
2014 Não Fui Eu
14%
2011 Sem Sentido!
14%
2013 Mickey Mouse
8%
2015 Star vs as Forças do Mal
5%
2016 Elena de Avalor
4%
2019 Gabby Duran
4%
2019 Amphibia
3%
2006 A Nova Escola do Imperador
3%
2016 Bizaardwark
3%
2017 DuckTales
3%
1995 Flash Forward
3%
1988 Bug Juice
2%
2000 Even Stevens
2%
2003 Lilo & Stitch: A Série
2%
1997 Mad Libs
2%
1998 Off the Wall
2%
1999 So Weird
2%
1998 The Famous Jett Jackson
2%
2005 American Dragon: Jake Long
1%
2015 Best Friends Whenever
1%
2018 Big City Greens
1%
2012 Code: 9
1%
2010 Fish Hooks
1%
1997 Going Wild with Jeff Corwin
1%
2000 In a Heartbeat
1%
2023 Kiff
1%
2004 Phil of the Future
1%
Futuro Primos
1%
1999 The Jersey
1%
2001 The Proud Family
1%
2000 Totally Circus
1%
2002 Totally in Tune
1%
2019 101 Dalmatian Street
0%
2020 A Casa da Owl
0%
2004 Brandy and Mr Whiskers
0%
2018 Bug Juice: My Adventures At Camp
0%
Futuro Cookies and Milk
0%
2018 Coop & Cami Ask The World
0%
2004 Dave the Bárbaro
0%
2019 Fast Layne
0%
2023 Hailey's On It!
0%
2022 Hamster & Gretel
0%
2019 Just Roll With It
0%
2023 Marvel's Moon Girl and Devil Dinosaur
0%
2023 Pretty Freekin Scary
0%
2023 Saturdays
0%
2021 Secrets of Sulphur Springs
0%
2006 Shorty McShorts' Shorts
0%
2018 Star Wars
0%
Futuro StuGo
0%
2019 Sydney to the Max
0%
2010 Take Two with Phineas and Ferb
0%
2005 The Buzz on Maggie
0%
2021 The Ghost of Molly McGee
0%
2006 The Replacements
0%
2022 Ultra Violet and Black Scorpion
0%
2022 Villains of ValleyView
0%
Nenhum quiz correspondente encontrado
Distribuição das Pontuações
Porcentagem de Pessoas com Cada Pontuação
Percentil de Números Respondidos
Sua Pontuação Histórica
Você não jogou esse quiz